000 00341nam a22001457a 4500
003 SGT
020 _a9781118360651
082 _a617.645
_bP17D
100 _a Dibart Serge
245 _aPractical Periodontal Plastic Surgery
260 _aNEW DELHI
_bWiley-Blackwell
_c2017
300 _a1-161
650 _aPERIODONTICS
942 _2ddc
_cBK
999 _c20825
_d20825